Measure of non-compactness for integral operators in weighted Lebesgue spaces /
Guardado en:
| Autor Principal: | |
|---|---|
| Formato: | Libro |
| Idioma: | English |
| Publicado: |
New York :
Nova Science Publishers,
c2009.
|
| Materias: | |
| Etiquetas: |
Agregar Etiqueta
Sin Etiquetas, Sea el primero en etiquetar este registro!
|
| LEADER | 01118cam a2200265 a 4500 | ||
|---|---|---|---|
| 001 | MAT.inmabb006540 | ||
| 008 | 090408s2009####nyu######b####001#0#eng## | ||
| 005 | 20120504162826.0 | ||
| 245 | 1 | 0 | |a Measure of non-compactness for integral operators in weighted Lebesgue spaces / |c Alexander Meskhi. |
| 260 | |a New York : |b Nova Science Publishers, |c c2009. | ||
| 300 | |a ix, 121 p. ; |c 26 cm. | ||
| 504 | |a Incluye referencias bibliográficas (p. [103]-118) e índice. | ||
| 505 | 0 | |a 1. Basic ingredients -- 2. Maximal operators -- 3. Kernel operators on cones -- 4. Potential and identity operators -- 5. Generalized one-sided potentials in $Lp(x)$ spaces -- 6. Singular integrals. | |
| 510 | 4 | |a MR, |c 2012d:47136 | |
| 020 | |a 9781606928868 (hardcover) | ||
| 020 | |a 1606928864 (hardcover) | ||
| 100 | 1 | |a Meskhi, Alexander. | |
| 650 | 0 | |a Integral operators. | |
| 650 | 0 | |a Lebesgue integral. | |
| 650 | 0 | |a Maximal functions. | |
| 650 | 0 | |a Measure theory. | |
| 084 | |a 47H08 (42B25 45P05 46E30 46E35 47B34 47G10) |2 msc2010 | ||
| 010 | |a 2009014716 | ||
| 040 | |a DLC |c DLC |d YDX |d BWX |d DLC | ||
| 859 | |h 47 |i M578 |p A-8761 |b BIB. MATEMATICA | ||
